Addis Ltd v Clement (VO) (Record no. 8224)
[ view plain ]
| 000 -LEADER | |
|---|---|
| fixed length control field | 01481cab a2200205 4500 |
| 001 - CONTROL NUMBER | |
| control field | ABS38857 |
| 008 - FIXED-LENGTH DATA ELEMENTS--GENERAL INFORMATION | |
| fixed length control field | 090401t1988 xxu||||| |||| 00| 0 eng d |
| 035 ## - SYSTEM CONTROL NUMBER | |
| System control number | (Sirsi) u12827 |
| 041 ## - LANGUAGE CODE | |
| Language code of text/sound track or separate title | eng |
| 245 ## - TITLE STATEMENT | |
| Title | Addis Ltd v Clement (VO) |
| 260 ## - PUBLICATION, DISTRIBUTION, ETC. | |
| Date of publication, distribution, etc. | 1988 |
| 350 ## - PRICE (NR) (BK AM CF MU VM SE) [OBSOLETE] | |
| Price | 0 |
| 490 ## - SERIES STATEMENT | |
| Series statement | Weekly Law Reports |
| Volume/sequential designation | (1988) 1 WLR 301-306(6) |
| 520 ## - SUMMARY, ETC. | |
| Summary, etc. | HL 11 February 1988. Appeal by ratepayers (A) from CA decision in favour of VO (C), on the proper interpretation of the General Rate Act 1967 s20. A`s industrial hereditament was situated a very short distance from the Lower Swansea Valley Enterprise Zone. It was common ground that one result of the setting up of the zone was to depress the rental values of commercial and industrial property situated outside but in the vicinity of the designated area. A proposed a reduction in rates on the hereditament on grounds that establishment of the zone had adversely affected the value of the hereditament. Firstly the LVC and then, on appeal, LT held that by virtue of the General Rate Act 1967 s20(1)(b) (which concerns the locality in which a hereditament is situated), the consequences of setting up the zone was properly to be taken into account and the valuation of the hereditament was reduced accordingly. On appeal to CA, C`s appeal was allowed. On appeal to HL by A, CA`s decision was revers |
| 650 ## - SUBJECT ADDED ENTRY--TOPICAL TERM | |
| Topical term or geographic name entry element | ENTERPRISE ZONES |
| 650 ## - SUBJECT ADDED ENTRY--TOPICAL TERM | |
| Topical term or geographic name entry element | SWANSEA |
| 690 ## - LOCAL SUBJECT ADDED ENTRY--TOPICAL TERM (OCLC, RLIN) | |
| Topical term or geographic name as entry element | RATING AND VALUATION-CASE LAW |
| 942 ## - ADDED ENTRY ELEMENTS (KOHA) | |
| Suppress in OPAC | 0 |
| 948 ## - LOCAL PROCESSING INFORMATION (OCLC); SERIES PART DESIGNATOR (RLIN) | |
| c (OCLC) | 04/03/1997 |
| Withdrawn status | Lost status | Source of classification or shelving scheme | Damaged status | Not for loan | Home library | Current library | Shelving location | Date acquired | Total Checkouts | Full call number | Barcode | Date last seen | Copy number | Price effective from | Koha item type |
|---|---|---|---|---|---|---|---|---|---|---|---|---|---|---|---|
| Dewey Decimal Classification | London | London | Journal article | 14/09/1999 | ABS38857 | 12827-1001 | 06/08/2019 | 1 | 06/08/2019 | Law report |